| 000 | 00000nam 2200000zi 4500 |
| 001 | 9.867878 |
| 003 | CaOODSP |
| 005 | 20241203113645 |
| 006 | m o d f |
| 007 | cr nn||||||||| |
| 008 | 190201s1987 onc ob f000 0 eng d |
| 040 | |aCaOODSP|beng|erda|cCaOODSP |
| 041 | |aeng|bfre |
| 043 | |an-cn--- |
| 086 | 1 |aEn13-5/87-44E-PDF |
| 100 | 1 |aDutka, B. J., |eauthor. |
| 245 | 10|aMicrobiological and toxicological studies of streams / |cby B.J. Dutka and S.S. Rao. |
| 264 | 1|aBurlington, Ontario : |bEcotoxicology and Biomonitoring Project, Rivers Research Branch, National Water Research Institute, Canada Centre for Inland Waters, |c[1987] |
| 300 | |a1 online resource (18 pages, 1 unnumbered page). |
| 336 | |atext|btxt|2rdacontent |
| 337 | |acomputer|bc|2rdamedia |
| 338 | |aonline resource|bcr|2rdacarrier |
| 490 | 1 |aNWRI contribution ; |v87-44 |
| 500 | |a"RRB-87-15." |
| 500 | |a"For: Managing Ontario Streams Environmental Issues Workshop, March 25, 1987, Black Creek Pioneer Village, Toronto. Sponsored by Canadian Water Resources Association." |
| 500 | |aDigitized edition from print [produced by Environment and Climate Change Canada]. |
| 504 | |aIncludes bibliographical references. |
| 520 | 3 |a"A summary of effects which occur when a pollutant enters a stream is presented. In order to try to understand the events which occur after a pollutant enters a stream or river a series of studies listed below were undertaken, and are described. Studies on the transport and survival of bacteria in fresh water systems; studies on the evaluation of the role sediments play in the survival and multiplication of bacteria; and the development of a battery of tests which can be used to evaluate stream or river microbiological, biochemical and toxicant loadings so that areas of concern within a fluvial system can be prioritized"--Abstract. |
| 546 | |aIncludes management perspective and abstract in French. |
| 692 | 07|2gccst|aWater pollution |
| 692 | 07|2gccst|aWatercourses |
| 700 | 1 |aRao, S. S. |q(Salem S.), |d1934- |eauthor. |
| 710 | 1 |aCanada. |bEnvironment Canada. |
| 710 | 2 |aNational Water Research Institute (Canada). |bRivers Research Branch. |
| 830 | #0|aNWRI contribution ;|v87-44.|w(CaOODSP)9.844121 |
| 856 | 40|qPDF|s1.48 MB|uhttps://publications.gc.ca/collections/collection_2019/eccc/En13-5-87-44-eng.pdf |